Structure and expression of chloroplast-localized pophobilinogen deaminase from pea (Pisum sativum L.) isolated by redundant polymerase chain reaction (Record no. 69464)

MARC details
000 -LEADER
fixed length control field 00442nam a2200133Ia 4500
100 ## - MAIN ENTRY--AUTHOR NAME
Personal name Witty M
245 #0 - TITLE STATEMENT
Title Structure and expression of chloroplast-localized pophobilinogen deaminase from pea (Pisum sativum L.) isolated by redundant polymerase chain reaction
260 ## - PUBLICATION, DISTRIBUTION, ETC. (IMPRINT)
Name of publisher Plant Physiology
Year of publication 1993
300 ## - PHYSICAL DESCRIPTION
Number of Pages 139-147
500 ## - GENERAL NOTE
General note Source Year: 1994
856 ## - ELECTRONIC LOCATION AND ACCESS
Uniform Resource Identifier PBA
942 ## - ADDED ENTRY ELEMENTS (KOHA)
Koha item type Journals
Holdings
Withdrawn status Lost status Damaged status Not for loan Home library Current library Date acquired Serial Enumeration / chronology Koha item type
      Journals RRII Library RRII Library 17/12/2021 Volume 103, Issue 1 Journals